Police Forces of the United Kingdom - Statistics

General Stats
  • This quiz has been taken 230 times
  • The average score is 27 of 48
Answer Stats
Territorial police % Correct
Metropolitan Police Service
85%
Greater Manchester Police
82%
Devon and Cornwall Police
79%
City of London Police
75%
Merseyside Police
72%
West Yorkshire Police
71%
West Midlands Police
70%
Essex Police
69%
Kent Police
69%
Police Scotland
69%
Sussex Police
69%
North Yorkshire Police
67%
Avon and Somerset Constabulary
66%
British Transport Police
66%
Cumbria Constabulary
65%
South Yorkshire Police
65%
Humberside Police
64%
Hampshire Constabulary
62%
Norfolk Constabulary
62%
Thames Valley Police
61%
Lancashire Constabulary
60%
South Wales Police
59%
Suffolk Constabulary
59%
Police Service of Northern Ireland
57%
North Wales Police
56%
Nottinghamshire Police
56%
Surrey Police
56%
Durham Constabulary
55%
Leicestershire Police
53%
Cambridgeshire Constabulary
52%
Derbyshire Constabulary
52%
Bedfordshire Police
51%
Cheshire Constabulary
51%
Dorset Police
51%
Lincolnshire Police
50%
Staffordshire Police
49%
Wiltshire Police
47%
Gloucestershire Constabulary
45%
Northumbria Police
45%
Hertfordshire Constabulary
44%
West Mercia Police
44%
Northamptonshire Police
43%
Civil Nuclear Constabulary
42%
Ministry of Defence Police
42%
Warwickshire Police
41%
Cleveland Police
37%
Gwent Police
30%
Dyfed-Powys Police
25%
No matching quizzes found
Score Distribution
Percent of People with Each Score
Percentile by Number Answered
Your Score History
You have not taken this quiz